Sciences - Sudden Death - Statistics

General Stats
  • This quiz has been taken 1,563 times
  • The average score is 12 of 18
Answers on the Grid
Answers color-coded by a green-red scale on the quiz's grid according to % correct below.
Archaeology
Astronetics
Astronomy
Biology
Botany
Chemistry
Cryptology
Dreamology
Ecology
Fungology
Genetics
Geology
Goblinology
Hydrology
Hydronomy
Luminology
Meteorology
Microbiology
Oceanography
Optics
Paleontology
Physics
Psychology
Pyroflux
Quizmastery
Seismology
Shadowology
Spectrology
Vaporonics
Zoology
 
Answer Stats
Answer % Correct
Biology
88%
Archaeology
84%
Astronomy
84%
Chemistry
83%
Botany
77%
Ecology
69%
Geology
68%
Physics
68%
Genetics
64%
Paleontology
63%
Microbiology
62%
Meteorology
61%
Zoology
61%
Psychology
58%
Seismology
56%
Oceanography
48%
Hydrology
38%
Optics
30%
No matching quizzes found
Score Distribution
Percent of People with Each Score
Percentile by Number Answered
Your Score History
You have not taken this quiz